| 000 | 00845nam a22002537a 4500 | ||
|---|---|---|---|
| 001 | 53141 | ||
| 003 | UA-OsUOA | ||
| 005 | 20210506203138.0 | ||
| 007 | ta | ||
| 008 | 20150921b un ||||| |||| 00| 0 ukr d | ||
| 040 |
_aUA-OsUOA _bukr _cUA-OsUOA _dUA-OsUOA |
||
| 041 | _aukr | ||
| 080 | _a94(477).06 | ||
| 090 |
_a94(477).06 _bВ48 |
||
| 100 | _aВинниченко В. | ||
| 245 |
_aВідродження нації _nч. 3 _pІсторія української революції (марець 1917 р. - грудень 1919 р.) |
||
| 260 |
_aК.; Відень _c1968 |
||
| 300 | _a536 с. | ||
| 650 | 7 |
_a9 Географія. Біографії. Історія _2UDC |
|
| 942 |
_cBK _2udc |
||
| 955 | _a4 | ||
| 999 |
_c433271 _d433271 |
||